| 000 | 00000nam##2200000za#4500 |
| 001 | 9.590200 |
| 003 | CaOODSP |
| 005 | 20210624200018 |
| 007 | cr ||||||||||| |
| 008 | 150406|2008||||xxc|||||o f|0| 0 fre|d |
| 040 | |aCaOODSP|bfre |
| 041 | |aeng |
| 041 | |afre |
| 043 | |an-cn--- |
| 086 | 1 |aFs97-4-2853-PDF |
| 110 | 1 |aCanada. |bMinistère des pêches et des océans. |
| 245 | 10|aCompte rendu d'atelier national. Développement d'outils pour la gestion intégrée en zone côtière / |h[ressource électronique]|c[par] Matthew Hardy et Roland Cormier. |
| 260 | |aMoncton - Nouveau-Brunswick : |bPêches et Océans Canada |c2008. |
| 300 | |a24p.|bfigures (certaines en couleur), références |
| 490 | 1 |aRapport manuscrit canadien des sciences halieutiques et aquatiques|vN° 2853 |
| 500 | |aFichier reproduit à partir de l'original imprimé. Gestion des Océans et de l'habitat, Moncton. N.-B. Le n° de catalogue et l'ISSN de l'édition imprimée apparaissent dans cette version électronique. |
| 590 | |a14-14-Supp|b2014-07-24 |
| 776 | 0#|tNational workshop proceedings. Development of Coastal Tools for Integrated Management / |w(CaOODSP)9.546422 |
| 791 | |tNational Workshop Proceedings. Development of Coastal Tools for Integrated Management / |eeng|w(CaOODSP)9.590199 |
| 830 | #0|aRapport manuscrit canadien des sciences halieutiques et aquatiques ;|vN° 2853|w(CaOODSP)9.500266 |
| 856 | 40|ahttp://publications.gc.ca|qPDF|s147 Ko|uhttps://publications.gc.ca/collections/collection_2014/mpo-dfo/Fs97-4-2853.pdf|yN° 2853 |